Statistics for MLB Each Team's Last MVP, Cy Young and ROY

Click here to take the quiz!

General Stats

  • This quiz has been taken 33 times
  • The average score is 54 of 85

Answer Stats

TeamPlayerYear% Correct
Los Angeles AngelsShohei Ohtani2023
100%
Shohei Ohtani2018
100%
Baltimore OriolesCal Ripken Jr.1991
97%
Aaron Judge2017
93%
New York YankeesAaron Judge2022
93%
Houston AstrosJosé Altuve2017
93%
Detroit TigersMiguel Cabrera2013
93%
Atlanta BravesRonald Acuna Jr.2023
93%
Washington NationalsBryce Harper2015
90%
Philadelphia PhilliesBryce Harper2021
90%
Bryce Harper2012
90%
Clayton Kershaw2014
90%
Cincinnati RedsJoey Votto2010
90%
Justin Verlander2022
90%
Colorado RockiesLarry Walker1997
90%
Kansas City RoyalsGeorge Brett1980
86%
Chicago CubsKris Bryant2016
86%
Kris Bryant2015
86%
Julio Rodríguez2022
83%
Tom Glavine1998
83%
Milwaukee BrewersChristian Yelich2018
79%
Gerrit Cole2023
79%
Max Scherzer2015
79%
Max Scherzer2013
79%
Boston Red SoxMookie Betts2018
79%
Pittsburgh PiratesAndrew McCutchen2013
76%
Miami MarlinsGiancarlo Stanton2017
76%
Gunnar Henderson2023
76%
Minnesota TwinsJoe Mauer2009
76%
José Abreu2014
76%
Chicago White SoxJosé Abreu2020
76%
Tim Lincecum2009
76%
Blake Snell2023
72%
Blake Snell2018
72%
Los Angeles DodgersCody Bellinger2019
72%
Cody Bellinger2017
72%
Corbin Burnes2021
72%
Seattle MarinersIchiro Suzuki2001
72%
Roy Halladay2010
72%
San Francisco GiantsBuster Posey2012
69%
Buster Posey2010
69%
Corbin Carroll2023
69%
Jacob deGrom2019
69%
Jake Arrieta2015
69%
Michael Harris II2022
69%
St. Louis CardinalsPaul Goldschmidt2022
69%
Ryan Howard2005
69%
Sandy Alcántara2022
69%
Shane Bieber2020
69%
Zack Greinke2009
69%
Barry Zito2002
66%
Félix Hernández2010
66%
Texas RangersJosh Hamilton2010
66%
Albert Pujols2001
62%
Yordan Álvarez2019
62%
Dustin Pedroia2007
59%
Johan Santana2006
59%
Toronto Blue JaysJosh Donaldson2015
59%
Pete Alonso2019
59%
Jonathan India2021
55%
Oakland AthleticsMiguel Tejada2002
55%
Trevor Bauer2020
55%
Chris Carpenter2005
52%
Robbie Ray2021
52%
Devin Williams2020
48%
San Diego PadresKen Caminiti1996
48%
Randy Arozarena2021
48%
Rick Porcello2016
48%
Brandon Webb2006
45%
José Fernández2013
41%
Bartolo Colón2005
38%
Doug Drabek1990
31%
Sandy Alomar1990
28%
Jack McDowell1993
24%
Jason Bay2004
24%
Michael Fulmer2016
24%
Neftalí Feliz2010
24%
Andrew Bailey2009
21%
Eric Hinske2002
17%
Ángel Berroa2003
14%
Jason Jennings2002
14%
Steve Stone1980
14%
Benito Santiago1987
10%
Cleveland GuardiansAl Rosen1953
7%
Marty Cordova1995
3%

Score Distribution

Percentile by Number Answered

Percent of People with Each Score

Your Score History

You have not taken this quiz